A Simplified style manual (Record no. 1450369)

MARC details
000 -LEADER
fixed length control field 00599nam a2200205Ia 4500
005 - DATE AND TIME OF LATEST TRANSACTION
control field 20250923145344.0
008 - FIXED-LENGTH DATA ELEMENTS--GENERAL INFORMATION
fixed length control field 008 250917s9999 xx 000 0 eng d
037 ## - SOURCE OF ACQUISITION
Stock number Textual
040 ## - CATALOGING SOURCE
Original cataloging agency DSWL
Language of cataloging eng
Transcribing agency DSWL
041 ## - LANGUAGE CODE
Language code of text/sound track or separate title eng
Source of code eng
084 ## - COLON CLASSIFICATION NUMBER
Classification number a494(P111,J), N72
Assigning agency DSWL
100 ## - MAIN ENTRY--PERSONAL NAME
Personal name Linton, Marigold
9 (RLIN) 834410
245 #2 - TITLE STATEMENT
Title A Simplified style manual
Statement of responsibility, etc. by Marigold Linton
260 ## - PUBLICATION, DISTRIBUTION, ETC.
Place of publication, distribution, etc. New York
Name of publisher, distributor, etc. Appleton Centruy Crafts
Date of publication, distribution, etc. 1972
300 ## - PHYSICAL DESCRIPTION
Extent xix,184p.
365 ## - TRADE PRICE
Price type code USD
Price amount 5 . 25
925 ## -
-- 5 . 25
942 ## - ADDED ENTRY ELEMENTS (KOHA)
Koha item type Textual
Classification part a494(P111,J), N72
Holdings
Withdrawn status Lost status Damaged status Not for loan Home library Current library Date acquired Source of acquisition Inventory number Total Checkouts Full call number Barcode Date last seen Price effective from Koha item type
        Department of Social Work Library Department of Social Work Library 2025-09-23 Hind Book House L31106-P 06/06/1977   a494(P111,J), N72 SW0017735 2025-09-23 2025-09-23 Textual
Copyright @ Delhi University Library System